00925nam a22002657a 45000010005000000030006000050050017000110080041000280200018000690400029000870500015001160820011001311000029001422450069001712500055002402600037002953000060003324900018003925050008004105200147004185210023005655210020005886500020006087000031006284515FISKH20240912150724.0240912b cb ||||| |||| 00| 0 eng d a9780545243308 aFISKHbengcFISKHdFISKH aPZ7.C88135 a813.6  aCronin, Doreen eauthor  aDiary of a spider / cby Doreen Cronin : Picture by Harry Bliss  aFirst scholastic paperback printing , January 2011 aNew York : bScholastic ;c2005. a31 unnumbered pages : bcolor illustrations ;c26 cm .  a Diary of a.. aK  aA young spider discovers, day by day, that there is a lot to learn about being a spider, including how to spin webs and avoid vacuum cleaners.8 a510 bLexile AD 8 aK bRaz-Plus  adairy vfiction aBliss, Harryeillustrator